Français célèbres à l'international en images - Statistiques

Statistiques générales
  • Ce quiz a été pris 116 fois
  • Le résultat moyen est 15 sur 18
Statistiques - réponses
Par images Hint Réponse % Correct
Sportif Zinédine Zidane
100%
Dirigeant Emmanuel Macron
99%
Scientifique Marie Curie
98%
Guerrière Jeanne d'Arc
97%
Sportif Kylian Mbappé
97%
Dirigeant Napoléon Ier
95%
Écrivain Victor Hugo
95%
Musicien David Guetta
93%
Chanteuse Aya Nakamura
92%
Actrice Brigitte Bardot
91%
Actrice Marion Cotillard
87%
Acteur Timothée Chalamet
84%
Créatrice de mode Coco Chanel
79%
Philosophe Voltaire
74%
Homme d'affaires Bernard Arnault
71%
Marin Jacques-Yves Cousteau
69%
Philosophe Jean-Paul Sartre
58%
Mathématicien René Descartes
56%
Aucun quiz correspondant
Distribution des résultats
% des personnes avec chaque résultat
Percentile par nombre de réponses
Votre historique - résultats
Vous n’avez pas pris ce quiz